000 02436nam a2200517 c 4500
003 BLK
005 20180420220930.0
008 180408b bul|||||r ||||||| ||bul||
010 _aKNG00039763000
020 _a5-94623-001-8
_bиздат.: Аванта+ - (многотомно)
020 _a5-89501-010-5
_bиздат.: Аванта+ - на том(т.6, ч. 1)
040 _aBLK
041 _aRUS
_cRUS
080 _aОбщи енциклопедии. Енциклопедични речници. Научни справочници. Отраслови енциклопедии и справочници се класират в съответните отдели с определител за форма
_b03
_x
_z03
080 _aРелигия. Теология. Вж и 141.4; 322 ; 348
_b2
_x(091)(035)
_z2(091)(035)
700 1 _aАксенова, Мария
_eглав. ред.
_9275079
139 _aЭнциклопедия для детей
_bЭ 67
245 1 0 _aЭнциклопедия для детей
_bТ. 1 -
_cглав. ред. Мария Аксенова.
_nТ. 6
_pРелигии мира
250 _a3. перераб. и доп. изд.
257 _aRUS
260 Москва
_c1997 -
_fМосква : 1-а Образцовая типогр.
300 _c27 см
380 _aDN
500 _aОфс. изд.
650 4 _aЕнциклопедии, детски
_9154962
650 4 _aРелигии - енциклопедии, речници и справочници
_9269003
653 _aенциклопедии
653 _aрелигии
653 _aшаманизъм
653 _aдруиди
653 _aезичество
653 _aзороастризъм
653 _aмитраизъм
653 _aманихейство
653 _aюдаизъм
653 _aиндуизъм
653 _aджайнизъм
653 _aсикхизъм
653 _aбудизъм
760 1 _3- (многотомно)
_b3. перераб. и доп. изд.
_dАванта+, 1997
_gЧ.1. Религии древности ; Религии Ирана ; Иудаизм ; Религии Индии
_h704 с. : с цв. ил.
_n20 000 тир. - Терминол. речник.
_tТ. 6 Религии мира
852 _aЦб ІІ 10492
856 4 _qpdf
_u
856 4 _qpdf
_u
942 _cKNG
_n0
944 _aCR
_c16.06.2003
_kГеновева_Генчева
944 _aED
_c10.01.2008
_k
999 _c36698
_d36698